000 00880nam a2200253 4500
001 21069
003 BJBSDDR
005 20260316154739.0
007 ta
008 060907s2002 sp spa
020 _a8497400372
020 _a9788497400374
040 _bspa
_cBJBSDDR
041 _aspa
050 1 4 _aBR 1022
_bR696b 2002
100 1 _aRodríguez-Moñino Soriano, Rafael,
_d1935-2005
_946948
245 1 0 _aBreve historia de la religión en España :
_bdesde la llegada de los varones apostólicos en el siglo I hasta el año 1940 /
_cRafael Rodríguez-Moñino Soriano.
260 _aMadrid :
_bEditorial Castalia,
_c2002
300 _a182 páginas ;
_c21 cm.
504 _aIncluye referencias bibliográficas (páginas 169-182).
650 4 _aHistoria de la iglesia
_9543
_zEspaña
650 4 _aReligión
_xHistoria
_910737
_zEspaña
942 _2lcc
_cBK
999 _c23748
_d23748